[Event "George Trundle NZ Reserves 2017"]
[Site "Auckland, NZL"]
[Date "2017.10.02"]
[Round "3.1"]
[White "Carpinter, Bernard"]
[Black "Nagorski, Alex"]
[Result "1/2-1/2"]
[BlackElo "1843"]
[WhiteElo "1860"]
[LiveChessVersion "1.4.8"]

1. Nf3 {[%clk 1:30:54]} Nf6 {[%clk 1:30:25]} 2. c4 {[%clk 1:31:17]} c5
{[%clk 1:30:38]} 3. Nc3 {[%clk 1:31:37]} Nc6 {[%clk 1:29:25]} 4. d4
{[%clk 1:31:49]} cxd4 {[%clk 1:26:57]} 5. Nxd4 {[%clk 1:32:06]} d5
{[%clk 1:25:36]} 6. cxd5 {[%clk 1:29:53]} Nxd5 {[%clk 1:25:32]} 7. Nxc6
{[%clk 1:27:41]} bxc6 {[%clk 1:26:01]} 8. e4 {[%clk 1:27:00]} Nxc3
{[%clk 1:25:08]} 9. Qxd8+ {[%clk 1:27:07]} Kxd8 {[%clk 1:25:26]} 10. bxc3
{[%clk 1:27:31]} e5 {[%clk 1:21:51]} 11. Bc4 {[%clk 1:27:05]} f6 {[%clk 1:19:11]}
12. Be3 {[%clk 1:26:38]} Ba3 {[%clk 1:18:32]} 13. Rb1 {[%clk 1:26:46]} Ke7
{[%clk 1:16:34]} 14. Rb3 {[%clk 1:26:16]} Bd6 {[%clk 1:16:39]} 15. O-O
{[%clk 1:26:09]} Rd8 {[%clk 1:15:10]} 16. Rd1 {[%clk 1:25:25]} Bc7 1/2-1/2

[Event "George Trundle NZ Reserves 2017"]
[Site "Auckland, NZL"]
[Date "2017.10.02"]
[Round "3.2"]
[White "Meng, Richard"]
[Black "Ha, Huy Minh (Timothy)"]
[Result "1-0"]
[BlackElo "1690"]
[WhiteElo "1646"]
[LiveChessVersion "1.4.8"]

1. c4 {[%clk 1:30:52]} e5 {[%clk 1:30:44]} 2. Nc3 {[%clk 1:30:39]} Nc6
{[%clk 1:30:39]} 3. g3 {[%clk 1:29:11]} Nf6 {[%clk 1:30:26]} 4. Bg2
{[%clk 1:28:44]} Bc5 {[%clk 1:29:41]} 5. e3 {[%clk 1:27:44]} d6 {[%clk 1:28:02]}
6. Nge2 {[%clk 1:27:01]} a5 {[%clk 1:20:26]} 7. O-O {[%clk 1:25:33]} O-O
{[%clk 1:20:06]} 8. a3 {[%clk 1:23:58]} Ne7 {[%clk 1:18:14]} 9. d4
{[%clk 1:22:53]} Bb6 {[%clk 1:13:44]} 10. Na4 {[%clk 1:19:28]} c6
{[%clk 1:13:31]} 11. dxe5 {[%clk 1:13:47]} dxe5 {[%clk 1:13:51]} 12. Qb3
{[%clk 1:11:57]} Bc7 {[%clk 1:13:23]} 13. Rd1 {[%clk 1:11:13]} Qe8
{[%clk 1:12:54]} 14. Nec3 {[%clk 1:10:08]} Rb8 {[%clk 1:11:36]} 15. Nb6
{[%clk 1:09:25]} Bxb6 {[%clk 1:08:59]} 16. Qxb6 {[%clk 1:09:43]} Ra8
{[%clk 1:07:59]} 17. Ne4 {[%clk 1:08:41]} Nxe4 {[%clk 1:06:59]} 18. Bxe4
{[%clk 1:09:04]} a4 {[%clk 0:59:07]} 19. Bd2 {[%clk 1:07:57]} Qd8
{[%clk 0:56:21]} 20. Qc5 {[%clk 1:08:04]} Qc7 {[%clk 0:56:23]} 21. Bb4
{[%clk 1:06:25]} Re8 {[%clk 0:53:24]} 22. Qd6 {[%clk 0:45:09]} Qxd6
{[%clk 0:53:00]} 23. Bxd6 {[%clk 0:45:34]} Be6 {[%clk 0:46:25]} 24. Bxe5
{[%clk 0:43:23]} f6 {[%clk 0:45:44]} 25. Bd6 {[%clk 0:42:00]} Bxc4
{[%clk 0:46:05]} 26. Rd4 {[%clk 0:40:49]} Be6 {[%clk 0:38:40]} 27. Bxe7
{[%clk 0:39:03]} Rxe7 {[%clk 0:39:08]} 28. Bc2 {[%clk 0:38:16]} b5
{[%clk 0:38:46]} 29. Be4 {[%clk 0:38:10]} Rc8 {[%clk 0:36:47]} 30. Rad1
{[%clk 0:37:43]} c5 {[%clk 0:32:26]} 31. Rd8+ {[%clk 0:35:43]} Rxd8
{[%clk 0:32:19]} 32. Rxd8+ {[%clk 0:36:02]} Kf7 {[%clk 0:32:29]} 33. Bxh7
{[%clk 0:35:26]} Re8 {[%clk 0:30:29]} 34. Bg6+ {[%clk 0:35:38]} 1-0

[Event "George Trundle NZ Reserves 2017"]
[Site "Auckland, NZL"]
[Date "2017.10.02"]
[Round "3.3"]
[White "Peak, Stephen"]
[Black "Wang, Aaron Ziwen"]
[Result "1/2-1/2"]
[BlackElo "1530"]
[WhiteElo "1670"]
[LiveChessVersion "1.4.8"]

1. e4 {[%clk 1:30:50]} c5 {[%clk 1:30:46]} 2. Nc3 {[%clk 1:31:05]} Nc6
{[%clk 1:30:55]} 3. f4 {[%clk 1:31:16]} d6 {[%clk 1:27:23]} 4. Nf3
{[%clk 1:31:26]} Nf6 {[%clk 1:26:29]} 5. Bc4 {[%clk 1:31:20]} Bg4
{[%clk 1:22:19]} 6. O-O {[%clk 1:28:55]} a6 {[%clk 1:20:26]} 7. d3
{[%clk 1:18:45]} Nd4 {[%clk 1:16:48]} 8. Nd5 {[%clk 1:11:59]} e6 {[%clk 1:03:04]}
9. Ne3 {[%clk 1:01:34]} Bxf3 {[%clk 0:56:39]} 10. gxf3 {[%clk 1:01:05]} b5
{[%clk 0:55:51]} 11. Bb3 {[%clk 1:00:28]} a5 {[%clk 0:51:44]} 12. c3
{[%clk 0:57:47]} Nxb3 {[%clk 0:49:06]} 13. Qxb3 {[%clk 0:57:19]} b4
{[%clk 0:42:50]} 14. Qc2 {[%clk 0:52:35]} Nh5 {[%clk 0:39:38]} 15. Ng2
{[%clk 0:45:20]} Qb6 {[%clk 0:32:24]} 16. Qa4+ {[%clk 0:42:40]} Kd8
{[%clk 0:32:29]} 17. Be3 {[%clk 0:42:02]} Rb8 {[%clk 0:29:58]} 18. Rad1
{[%clk 0:28:31]} Qb5 {[%clk 0:27:10]} 19. Qxb5 {[%clk 0:27:02]} Rxb5
{[%clk 0:27:26]} 20. c4 {[%clk 0:26:32]} Rb7 {[%clk 0:26:00]} 21. d4
{[%clk 0:24:14]} Kc7 {[%clk 0:23:24]} 22. dxc5 {[%clk 0:22:48]} dxc5
{[%clk 0:23:38]} 23. f5 {[%clk 0:22:00]} Be7 {[%clk 0:20:05]} 24. fxe6
{[%clk 0:20:02]} fxe6 {[%clk 0:19:56]} 25. Nf4 {[%clk 0:18:43]} Nxf4
{[%clk 0:19:44]} 26. Bxf4+ {[%clk 0:19:10]} Kc6 {[%clk 0:19:57]} 27. Kh1
{[%clk 0:18:51]} Rf8 {[%clk 0:17:53]} 28. Be5 {[%clk 0:18:41]} g6
{[%clk 0:14:24]} 29. b3 {[%clk 0:18:14]} Ra7 {[%clk 0:10:42]} 30. Kg2
{[%clk 0:17:25]} a4 {[%clk 0:10:08]} 31. Rf2 {[%clk 0:16:25]} axb3
{[%clk 0:10:04]} 32. axb3 {[%clk 0:16:18]} Ra3 {[%clk 0:08:44]} 33. Rd3
{[%clk 0:15:04]} Rd8 {[%clk 0:06:41]} 34. Rfd2 {[%clk 0:14:51]} Rxd3
{[%clk 0:05:29]} 35. Rxd3 {[%clk 0:15:19]} Bg5 {[%clk 0:04:43]} 36. Rd6+
{[%clk 0:11:05]} Kb7 {[%clk 0:04:59]} 37. Rd7+ {[%clk 0:11:15]} Kc6
{[%clk 0:04:17]} 38. Rxh7 {[%clk 0:10:11]} Rxb3 {[%clk 0:03:23]} 39. Rg7
{[%clk 0:09:41]} Bd2 {[%clk 0:00:58]} 40. Rxg6 {[%clk 0:39:51]} Bc3
{[%clk 0:30:46]} 41. Rxe6+ {[%clk 0:39:44]} Kb7 {[%clk 0:29:27]} 42. Re7+
{[%clk 0:36:13]} Ka6 {[%clk 0:24:50]} 43. Re6+ {[%clk 0:32:14]} Kb7
{[%clk 0:23:18]} 44. Re7+ {[%clk 0:31:52]} Ka6 {[%clk 0:22:10]} 1/2-1/2

[Event "George Trundle NZ Reserves 2017"]
[Site "Auckland, NZL"]
[Date "2017.10.02"]
[Round "3.4"]
[White "Mukkattu, Philip"]
[Black "Qin, Nicole Shu Yu"]
[Result "0-1"]
[BlackElo "1547"]
[WhiteElo "1676"]
[LiveChessVersion "1.4.8"]

1. Nf3 {[%clk 1:30:23]} e6 {[%clk 1:30:53]} 2. g3 {[%clk 1:30:44]} d5
{[%clk 1:31:16]} 3. Bg2 {[%clk 1:31:10]} c6 {[%clk 1:30:29]} 4. d4
{[%clk 1:31:30]} Bd6 {[%clk 1:30:18]} 5. O-O {[%clk 1:31:30]} Nf6
{[%clk 1:28:08]} 6. c4 {[%clk 1:31:28]} b6 {[%clk 1:25:38]} 7. Qc2
{[%clk 1:31:30]} Bb7 {[%clk 1:23:26]} 8. c5 {[%clk 1:28:41]} Bc7 {[%clk 1:21:37]}
9. b4 {[%clk 1:29:04]} Nbd7 {[%clk 1:15:32]} 10. Bb2 {[%clk 1:27:06]} O-O
{[%clk 1:12:08]} 11. Nbd2 {[%clk 1:27:10]} Re8 {[%clk 1:09:38]} 12. Ne5
{[%clk 1:23:28]} Nxe5 {[%clk 0:59:31]} 13. dxe5 {[%clk 1:23:50]} Ng4
{[%clk 0:59:03]} 14. Nf3 {[%clk 1:22:43]} Qb8 {[%clk 0:54:35]} 15. Qc3
{[%clk 1:21:45]} bxc5 {[%clk 0:49:18]} 16. bxc5 {[%clk 1:21:20]} f6
{[%clk 0:46:47]} 17. exf6 {[%clk 1:20:30]} Nxf6 {[%clk 0:47:03]} 18. Nd4
{[%clk 1:13:25]} e5 {[%clk 0:41:49]} 19. Nf5 {[%clk 1:12:24]} Bc8
{[%clk 0:38:48]} 20. Nd6 {[%clk 0:57:08]} Bxd6 {[%clk 0:33:33]} 21. cxd6
{[%clk 0:57:33]} Qxd6 {[%clk 0:31:28]} 22. Ba3 {[%clk 0:57:51]} Qc7
{[%clk 0:29:10]} 23. Rfd1 {[%clk 0:55:33]} Qd7 {[%clk 0:22:38]} 24. e4
{[%clk 0:53:17]} d4 {[%clk 0:19:36]} 25. Qc5 {[%clk 0:50:58]} Bb7
{[%clk 0:13:39]} 26. f4 {[%clk 0:50:03]} exf4 {[%clk 0:08:07]} 27. Rxd4
{[%clk 0:49:12]} Qg4 {[%clk 0:05:47]} 28. e5 {[%clk 0:44:58]} Nd7
{[%clk 0:05:12]} 29. Qc4+ {[%clk 0:39:34]} Kh8 {[%clk 0:05:26]} 30. Rxf4
{[%clk 0:36:25]} Qg6 {[%clk 0:02:46]} 31. Be4 {[%clk 0:31:04]} Qg5
{[%clk 0:02:10]} 32. e6 {[%clk 0:27:12]} Qe5 {[%clk 0:01:39]} 33. exd7
{[%clk 0:22:50]} Qxa1+ {[%clk 0:01:53]} 34. Kg2 {[%clk 0:23:08]} Red8
{[%clk 0:01:20]} 35. Rf7 {[%clk 0:20:04]} Qd1 {[%clk 0:00:50]} 36. Bxc6
{[%clk 0:12:14]} Bxc6+ {[%clk 0:00:57]} 37. Qxc6 {[%clk 0:12:36]} Qd2+
{[%clk 0:01:12]} 38. Kh3 {[%clk 0:11:31]} Qg5 {[%clk 0:00:56]} 39. Re7
{[%clk 0:07:33]} Qh5+ {[%clk 0:00:59]} 40. Kg2 {[%clk 0:37:47]} Rab8
{[%clk 0:30:50]} 41. Qc3 {[%clk 0:33:31]} Qd5+ {[%clk 0:21:13]} 42. Qf3
{[%clk 0:26:53]} Qxa2+ {[%clk 0:16:25]} 43. Kh3 {[%clk 0:26:03]} Qd2
{[%clk 0:15:07]} 44. Qf7 {[%clk 0:21:12]} Qh6+ {[%clk 0:12:45]} 45. Kg2
{[%clk 0:20:27]} Rf8 {[%clk 0:11:58]} 46. Re8 {[%clk 0:18:43]} Qc6+
{[%clk 0:11:48]} 47. Kh3 {[%clk 0:14:18]} Rfxe8 {[%clk 0:11:38]} 48. dxe8=Q+ Rxe8 49. Bf8 Qc8+ 50. g4 Rxf8 0-1

[Event "George Trundle NZ Reserves 2017"]
[Site "Auckland, NZL"]
[Date "2017.10.02"]
[Round "3.5"]
[White "Braganza, Nadia"]
[Black "Qin, Oscar Shu Xuan"]
[Result "1/2-1/2"]
[BlackElo "1415"]
[WhiteElo "1517"]
[LiveChessVersion "1.4.8"]

1. e4 e5 2. Nf3 {[%clk 1:31:09]} Nc6 {[%clk 1:31:08]} 3. Bc4 {[%clk 1:31:07]} Bc5
{[%clk 1:31:23]} 4. O-O {[%clk 1:31:03]} Nf6 {[%clk 1:30:55]} 5. d3
{[%clk 1:30:45]} d6 {[%clk 1:30:16]} 6. c3 {[%clk 1:28:52]} O-O {[%clk 1:24:09]}
7. a4 a6 {[%clk 1:21:21]} 8. Bg5 {[%clk 1:23:37]} Be6 9. Nbd2 {[%clk 1:21:10]} h6
{[%clk 1:12:47]} 10. Bh4 {[%clk 1:12:53]} Qe7 {[%clk 0:55:28]} 11. a5
{[%clk 0:58:36]} Kh8 {[%clk 0:55:37]} 12. Bxf6 {[%clk 0:51:38]} Qxf6
{[%clk 0:55:18]} 13. Bxe6 fxe6 14. Nb3 {[%clk 0:51:12]} Ba7 {[%clk 0:54:11]} 15.
d4 {[%clk 0:49:01]} exd4 {[%clk 0:51:49]} 16. Nbxd4 {[%clk 0:47:13]} Nxd4
{[%clk 0:45:56]} 17. Nxd4 Qg6 {[%clk 0:43:37]} 18. Qe2 {[%clk 0:39:16]} Rf4
{[%clk 0:41:22]} 19. Rae1 {[%clk 0:20:38]} Raf8 {[%clk 0:38:48]} 20. Qc4
{[%clk 0:18:00]} Bxd4 {[%clk 0:35:57]} 21. Qxd4 Rg4 22. g3 {[%clk 0:16:29]} Rff4
{[%clk 0:34:29]} 23. Qa7 {[%clk 0:14:31]} Qg5 {[%clk 0:30:39]} 24. Qxb7
{[%clk 0:13:39]} Qxa5 {[%clk 0:29:45]} 25. Qc8+ {[%clk 0:13:28]} Kh7
{[%clk 0:28:53]} 26. Qxe6 {[%clk 0:13:25]} Qe5 {[%clk 0:28:11]} 27. Qxe5
{[%clk 0:13:28]} dxe5 {[%clk 0:28:32]} 28. f3 {[%clk 0:13:50]} Rg6
{[%clk 0:27:57]} 29. Kf2 {[%clk 0:13:29]} Rff6 {[%clk 0:27:43]} 30. Ke3
{[%clk 0:13:28]} Rb6 {[%clk 0:27:55]} 31. Rb1 {[%clk 0:13:22]} Kg8
{[%clk 0:26:49]} 32. f4 {[%clk 0:11:59]} exf4+ {[%clk 0:27:08]} 33. gxf4
{[%clk 0:12:20]} Rg2 {[%clk 0:27:26]} 34. Rf2 Rxf2 35. Kxf2 Kf7 36. b4 a5 37. b5 a4 38. c4 c6 39. Ke3 a3 40.
Ra1 cxb5 41. cxb5 Rxb5 42. Rxa3 Rh5 43. Ra2 Rh3+ 44. Kd4 Rh4 45. Ke5 Rh5+ 46.
f5 g6 47. Rg2 gxf5 48. exf5 Ke7 1/2-1/2